000 00541nam a22002297a 4500
003 UA-OsUOA
001 66403
007 ta
008 20091228b un ||||| |||| 00| 0 ukr d
100 _aФранк А.
090 _a82-94
_bФ83
942 _cBK
040 _aUA-OsUOA
_bukr
_cUA-OsUOA
_dUA-OsUOA
245 _aЩоденник
300 _a265 с.
955 _a3
041 _aukr
080 _a82-94
260 _aК.
_c1995
650 7 _a82 Література. Літературознавство
_2UDC
999 _c352248
_d352248